Evaluating educational development : (Record no. 367693)
[ view plain ]
| 000 -LEADER | |
|---|---|
| fixed length control field | 00989nam a22002417a 4500 |
| 003 - CONTROL NUMBER IDENTIFIER | |
| control field | 0 |
| 005 - DATE AND TIME OF LATEST TRANSACTION | |
| control field | 20250829150557.0 |
| 008 - FIXED-LENGTH DATA ELEMENTS--GENERAL INFORMATION | |
| fixed length control field | 250829b xxu||||| |||| 00| 0 eng d |
| 020 ## - INTERNATIONAL STANDARD BOOK NUMBER | |
| International Standard Book Number | 978-1-032-58171-2 |
| 050 ## - LIBRARY OF CONGRESS CALL NUMBER | |
| Classification number | LB 2331.63 |
| Item number | .H87 2025 |
| 100 ## - MAIN ENTRY--PERSONAL NAME | |
| Personal name | Hurney, Carol A., |
| Relator term | author. |
| 245 ## - TITLE STATEMENT | |
| Title | Evaluating educational development : |
| Remainder of title | a comprehensive and data-driven approach for colleges and universities / |
| Statement of responsibility, etc | Carol A. Hurney, Bonnie B. Mullinix and R. Todd Benson. |
| 260 ## - PUBLICATION, DISTRIBUTION, ETC. (IMPRINT) | |
| Place of publication, distribution, etc | New York, NY : |
| Name of publisher, distributor, etc | Routledge, |
| Date of publication, distribution, etc | 2025. |
| 300 ## - PHYSICAL DESCRIPTION | |
| Extent | xvi, 120 pages : |
| Other physical details | illustrations ; |
| Dimensions | 23 cm. |
| 504 ## - BIBLIOGRAPHY, ETC. NOTE | |
| Bibliography, etc | Includes bibliographical references and index. |
| 650 ## - SUBJECT ADDED ENTRY--TOPICAL TERM | |
| Topical term or geographic name as entry element | Universities and colleges |
| Geographic subdivision | United States |
| General subdivision | Evaluation. |
| 650 ## - SUBJECT ADDED ENTRY--TOPICAL TERM | |
| Topical term or geographic name as entry element | Universities and colleges |
| Geographic subdivision | United States |
| General subdivision | Planning. |
| 650 ## - SUBJECT ADDED ENTRY--TOPICAL TERM | |
| Topical term or geographic name as entry element | Education, Higher |
| Geographic subdivision | United States |
| General subdivision | Evaluation. |
| 650 ## - SUBJECT ADDED ENTRY--TOPICAL TERM | |
| Topical term or geographic name as entry element | Educational evaluation |
| Geographic subdivision | United States. |
| 700 ## - ADDED ENTRY--PERSONAL NAME | |
| Personal name | Mulinix, Bonnie B., |
| Relator term | author. |
| 700 ## - ADDED ENTRY--PERSONAL NAME | |
| Personal name | Benson, R. Todd, |
| Relator term | author. |
| 942 ## - ADDED ENTRY ELEMENTS (KOHA) | |
| Source of classification or shelving scheme | Library of Congress Classification |
| Koha item type | Books |
| Withdrawn status | Lost status | Source of classification or shelving scheme | Damaged status | Home library | Current library | Shelving location | Date acquired | Source of acquisition | Sub Shelving location | Total Checkouts | Full call number | Barcode | Date last seen | Price effective from | Koha item type |
|---|---|---|---|---|---|---|---|---|---|---|---|---|---|---|---|
| Library of Congress Classification | College Library | College Library | Reserve Section | 06/04/2025 | Library Fund | LB 2331.63 .H87 2025 | C24821 | 08/29/2025 | 08/29/2025 | Books |